Girls with working and non-working mothers / (Record no. 155293)

MARC details
000 -LEADER
fixed length control field 00643nam a22002297a 4500
003 - CONTROL NUMBER IDENTIFIER
control field dpl
005 - DATE AND TIME OF LATEST TRANSACTION
control field 20180801163638.0
008 - FIXED-LENGTH DATA ELEMENTS--GENERAL INFORMATION
fixed length control field 180801b xxu||||| |||| 00| 0 eng d
010 ## - LIBRARY OF CONGRESS CONTROL NUMBER
LC control number A-940454
016 ## - NATIONAL BIBLIOGRAPHIC AGENCY CONTROL NUMBER
Record control number A-940454
035 ## - SYSTEM CONTROL NUMBER
System control number A-940454
037 ## - SOURCE OF ACQUISITION
Source of stock number/acquisition BPPD/PUB
040 ## - CATALOGING SOURCE
Transcribing agency 0
082 ## - DEWEY DECIMAL CLASSIFICATION NUMBER
Classification number 331.4
100 ## - MAIN ENTRY--PERSONAL NAME
Personal name Bansal indu
245 ## - TITLE STATEMENT
Title Girls with working and non-working mothers /
Statement of responsibility, etc by Indu bansal
250 ## - EDITION STATEMENT
Edition statement 8th ed
260 ## - PUBLICATION, DISTRIBUTION, ETC. (IMPRINT)
Place of publication, distribution, etc Jaipur
Name of publisher, distributor, etc Classic publications
Date of publication, distribution, etc 1998
270 ## - ADDRESS
Address 260-61, chaura rasta,
City Jaipur
Postal code 302003
300 ## - PHYSICAL DESCRIPTION
Extent 150p.
Dimensions 22 cm (Hb)
942 ## - ADDED ENTRY ELEMENTS (KOHA)
Institution code [OBSOLETE] dpl
Koha item type English Books
Call number prefix 331.4 / BAN
Source of classification or shelving scheme Dewey Decimal Classification
Classification part 331.4
Call number suffix BAN
Holdings
Withdrawn status Lost status Source of classification or shelving scheme Damaged status Not for loan Collection code Home library Current library Date acquired Source of acquisition Cost, normal purchase price Total Checkouts Full call number Barcode Date last seen Cost, replacement price Price effective from Koha item type
    Dewey Decimal Classification     Non-fiction Shahdara Branch Shahdara Branch 01/08/2018 BPPD/PUB 0.00   331.4 BAN A-940454 01/08/2018 0.00 01/08/2018 English Books

© Delhi Public Library
Hit Counter
free hit counter